Quota Formula : Data Update.

The IMF staff has updated individual member country data for the variables used in the quota formula for the period 2001-13. The staff paper also presents updated calculated quota shares based on the current quota formula. The current quota formula includes a GDP variable, which is a blend of GDP at...

Täydet tiedot

Bibliografiset tiedot
Yhteisötekijä: International Monetary Fund
Aineistotyyppi: Aikakauslehti
Kieli:English
Julkaistu: Washington, D.C. : International Monetary Fund, 2015.
Sarja:Policy Papers; Policy Paper ; No. 2015/032
Aiheet:
Linkit:Full text available on IMF
LEADER 02589cas a2200313 a 4500
001 AALejournalIMF020646
008 230101c9999 xx r poo 0 0eng d
020 |c 5.00 USD 
020 |z 9781498344432 
022 |a 2663-3493 
040 |a BD-DhAAL  |c BD-DhAAL 
110 2 |a International Monetary Fund. 
245 1 0 |a Quota Formula :   |b Data Update. 
264 1 |a Washington, D.C. :  |b International Monetary Fund,  |c 2015. 
300 |a 1 online resource (39 pages) 
490 1 |a Policy Papers 
500 |a <strong>Off-Campus Access:</strong> No User ID or Password Required 
500 |a <strong>On-Campus Access:</strong> No User ID or Password Required 
506 |a Electronic access restricted to authorized BRAC University faculty, staff and students 
520 3 |a The IMF staff has updated individual member country data for the variables used in the quota formula for the period 2001-13. The staff paper also presents updated calculated quota shares based on the current quota formula. The current quota formula includes a GDP variable, which is a blend of GDP at market rates and GDP at purchasing power parity (PPP), openness, variability, and international reserves. The International Monetary and Financial Committee has called for agreement on a new quota formula as part of the 15th General Review of Quotas. The paper presents a limited set of illustrative simulations of possible reforms of the quota formula using the updated quota data. These simulations are purely illustrative and do not represent proposals. The new data tables that can be downloaded via the below link include also the comparable value of each variable for the previous quota dataset, which was based on data covering the period 2000-2012. The information is presented in millions of SDRs (Table A1) and in percent of their respective global totals (Tables A2 and A3). A table showing calculated quota shares based on the current quota formula is also included (Table A4). Data sources and a description of the quota variables are discussed in Quota Formula - Data Update - Statistical Appendix; IMF Policy Paper; July 2015. Download Quota Data: Updated IMF Quota Formula Variables - July 2015. 
538 |a Mode of access: Internet 
650 7 |a Center  |2 imf 
650 7 |a Economy  |2 imf 
650 7 |a GDP Blend  |2 imf 
650 7 |a GDP  |2 imf 
650 7 |a PP  |2 imf 
651 7 |a China, People's Republic of  |2 imf 
830 0 |a Policy Papers; Policy Paper ;  |v No. 2015/032 
856 4 0 |z Full text available on IMF  |u http://elibrary.imf.org/view/journals/007/2015/032/007.2015.issue-032-en.xml  |z IMF e-Library